[Event "BL2-Nord 0304"]
[Site "Germany"]
[Date "2003.??.??"]
[Round "?.1"]
[White "Berkes, Ferenc"]
[Black "Rabiega, Robert"]
[Result "1/2-1/2"]
[WhiteElo "2590"]
[BlackElo "2520"]
[PlyCount "71"]
[EventDate "2003.10.??"]
[Source "Roberto Alvarez"]
[SourceDate "2004.07.26"]

1. d4 d5 2. c4 Nc6 3. Nc3 dxc4 4. Nf3 Nf6 5. e3 e5 6. Bxc4 exd4 7. exd4 Bd6 8. O-O O-O 9. Bg5 h6 10. Bh4 Bg4 11. h3 Bxf3 12. Qxf3 Nxd4 13. Qxb7 Nf5 14. Bxf6 Qxf6 15. Qf3 Rab8 16. b3 Qe5 17. g3 Nd4 18. Qe4 Rfe8 19. Bd3 g6 20. Qxe5 Bxe5 21. Rac1 Rbd8 22. Rfd1 Nf3+ 23. Kg2 Bxc3 24. Kxf3 Ba5 25. Bb5 Rxd1 26. Rxd1 Re5 27. Rd8+ Kg7 28. Bc4 Bb4 29. g4 h5 30. Rd7 Re7 31. Rxe7 Bxe7 32. gxh5 gxh5 33. Ke4 Bc5 34. f3 Bb4 35. Kd5 c5 36. Ke5 1/2-1/2

[Event "Arco op"]
[Site "?"]
[Date "2003.10.26"]
[Round "9"]
[White "Levin Felix"]
[Black "Slobodjan Roman"]
[Result "1/2-1/2"]
[WhiteElo "2481"]
[BlackElo "2513"]
[PlyCount "26"]
[EventDate "2003.??.??"]
[Source "www.chesslib.no"]
[SourceDate "2004.05.04"]

1. d4 d5 2. c4 Nc6 3. Nc3 dxc4 4. Nf3 Nf6 5. e4 Bg4 6. Be3 e6 7. Bxc4 Bb4 8. Qc2 O-O 9. O-O-O Bxc3 10. bxc3 Qe7 11. h3 Bxf3 12. gxf3 Rfb8 13. Bd3 b5 1/2-1/2

[Event "Rijeka CRO, 1. Liburnija GM"]
[Site "?"]
[Date "2005.04.21"]
[Round "11"]
[White "Jankovic Alojzije"]
[Black "Fercec Nenad"]
[Result "1/2-1/2"]
[WhiteElo "2480"]
[BlackElo "2504"]
[PlyCount "127"]
[EventDate "2005.??.??"]
[Source "www.chesslib.no"]
[SourceDate "2004.05.04"]

1. d4 d5 2. c4 Nc6 3. Nc3 dxc4 4. Nf3 Nf6 5. e3 e5 6. d5 e4 7. dxc6 Qxd1+ 8. Kxd1 exf3 9. gxf3 Be6 10. cxb7 Rb8 11. Nb5 Rxb7 12. Nd4 Bd7 13. Bxc4 Bd6 14. b3 O-O 15. Bb2 Re8 16. Kc2 c5 17. Ne2 Bf5+ 18. Kc1 Nd7 19. f4 Nb6 20. Bb5 Nd7 21. Ba6 Rc7 22. Ng3 Bg4 23. h3 Bf3 24. Rg1 c4 25. bxc4 g6 26. Nf5 Bb4 27. Nd4 Be4 28. Bb5 Rb8 29. f3 Bxf3 30. a3 Ba5 31. Kb1 Bb7 32. Bxd7 Rxd7 33. Ka2 Bd2 34. Bc1 Ba6 35. Nb5 Bxb5 36. cxb5 Rxb5 37. Rb1 Rxb1 38. Kxb1 Bxc1 39. Kxc1 Rd3 40. Re1 Rxa3 41. Kd2 Ra2+ 42. Kd3 Rh2 43. Ra1 Rxh3 44. Rxa7 h5 45. Ke2 Kg7 46. Kf2 h4 47. Ra6 Rh2+ 48. Kf3 h3 49. Ra1 Rc2 50. Kg3 Rc3 51. Re1 Kf6 52. Kxh3 Kf5 53. Kg3 Ke4 54. Kf2 Rc2+ 55. Re2 Kd3 56. Rxc2 Kxc2 57. Kf3 Kd3 58. e4 Kd4 59. e5 Kd5 60. Kg4 Ke4 61. Kg5 Ke3 62. Kf6 Kxf4 63. Kxf7 Kxe5 64. Kxg6 1/2-1/2

[Event "D0009, DESC"]
[Site "?"]
[Date "1999.??.??"]
[Round "?"]
[White "Riepe, Bernhard"]
[Black "Keber, Ernst"]
[Result "1/2-1/2"]
[WhiteElo "2480"]
[BlackElo "2480"]
[PlyCount "46"]
[EventDate "1999.??.??"]
[Source "www.chesslib.no"]
[SourceDate "2004.05.04"]

1. d4 d5 2. c4 Nc6 3. Nc3 dxc4 4. Nf3 Nf6 5. e4 Bg4 6. Be3 e6 7. Bxc4 Bb4 8. Qc2 O-O 9. Rd1 Ba5 10. Be2 Bh5 11. O-O Bb6 12. Qa4 Qe7 13. Bg5 h6 14. Bh4 g5 15. Bg3 Qb4 16. Qxb4 Nxb4 17. a3 Nc6 18. d5 exd5 19. Nxd5 Nxe4 20. Bxc7 Bxc7 21. Nxc7 Rad8 22. Rfe1 f5 23. b4 Rxd1 1/2-1/2

[Event "Montpellier op 7th"]
[Site "Montpellier"]
[Date "2000.07.??"]
[Round "5"]
[White "Hauchard, Arnaud"]
[Black "Giffard, Nicolas"]
[Result "1-0"]
[WhiteElo "2539"]
[BlackElo "2412"]
[PlyCount "65"]
[EventDate "2000.07.05"]
[Source "www.chesslib.no"]
[SourceDate "2004.05.04"]

1. d4 d5 2. c4 Nc6 3. Nc3 dxc4 4. Nf3 e6 5. e4 Na5 6. Qa4+ c6 7. b4 cxb3 8. axb3 b5 9. Nxb5 cxb5 10. Bxb5+ Bd7 11. Bxd7+ Qxd7 12. Qxa5 Bd6 13. Ba3 Ne7 14. Bxd6 Qxd6 15. Qa4+ Qc6 16. Kd2 O-O 17. Qxc6 Nxc6 18. Rhc1 Ne7 19. Rc7 Nc8 20. Rd7 Rb8 21. Kc2 Rb6 22. Nd2 Rc6+ 23. Kd3 f5 24. f3 fxe4+ 25. fxe4 h6 26. Rf1 Rxf1 27. Nxf1 Kh7 28. g4 Ra6 29. Ng3 Nb6 30. Rb7 Ra2 31. Nh5 Rxh2 32. Rxg7+ Kh8 33. Rxa7 1-0

[Event "Toulon"]
[Site "Toulon FRA"]
[Date "1986.??.??"]
[Round "?"]
[White "Andruet, Gilles"]
[Black "Flear, Glenn C"]
[Result "0-1"]
[WhiteElo "2410"]
[BlackElo "2485"]
[PlyCount "44"]
[EventDate "1986.??.??"]
[Source "www.chesslib.no"]
[SourceDate "2004.05.04"]

1. d4 d5 2. c4 Nc6 3. Nc3 dxc4 4. Nf3 Nf6 5. e3 e5 6. d5 Ne7 7. Bxc4 Ng6 8. h4 h5 9. Bd3 Bd6 10. Bxg6 fxg6 11. Qd3 Bf5 12. Qb5+ Qd7 13. Qxb7 O-O 14. Qa6 e4 15. Nd4 Ng4 16. Qe2 Nxf2 17. Qxf2 Bg4 18. Qg1 Bg3+ 19. Kd2 Rf2+ 20. Qxf2 Bxf2 21. Nxe4 Rf8 22. Nc3 Qe7 0-1

[Event "It (Open) Moscow RUS"]
[Site "?"]
[Date "2006.02.13"]
[Round "7"]
[White "Tunik Gennady"]
[Black "Chibukhchian Artur"]
[Result "1-0"]
[WhiteElo "2484"]
[BlackElo "2400"]
[PlyCount "81"]
[EventDate "2006.??.??"]
[Source "www.chesslib.no"]
[SourceDate "2004.05.04"]

1. d4 d5 2. c4 Nc6 3. Nc3 dxc4 4. Nf3 Nf6 5. d5 Na5 6. Qa4+ c6 7. b4 b5 8. Qxa5 Qxa5 9. bxa5 b4 10. Na4 cxd5 11. a3 b3 12. Bb2 e6 13. Nc3 Ba6 14. e4 O-O-O 15. exd5 exd5 16. O-O-O Bc5 17. g3 Bxf2 18. Bh3+ Kc7 19. Nd4 Rhe8 20. Rhf1 Be3+ 21. Kb1 Bxd4 22. Rxd4 Re3 23. Bg2 Rd3 24. Rxd3 cxd3 25. Rd1 Kd6 26. Bf1 Re8 27. Bxd3 Bxd3+ 28. Rxd3 Kc5 29. Nd1 Re1 30. Bxf6 gxf6 31. Kc1 Re2 32. Rxb3 Rxh2 33. Rb7 Ra2 34. Rc7+ Kd4 35. Nc3 Rg2 36. Nb5+ Ke4 37. Rxa7 d4 38. Re7+ Kd3 39. a6 Rc2+ 40. Kb1 Rc5 41. Rb7 1-0

[Event "Corr"]
[Site "?"]
[Date "2001.06.15"]
[Round "?"]
[White "Monacell James P"]
[Black "Fester Albrecht"]
[Result "1-0"]
[WhiteElo "2377"]
[BlackElo "2477"]
[PlyCount "125"]
[EventDate "2001.??.??"]
[Source "www.chesslib.no"]
[SourceDate "2004.05.04"]

1. d4 d5 2. c4 Nc6 3. Nc3 dxc4 4. Nf3 Nf6 5. e4 Bg4 6. Be3 e6 7. Bxc4 Bb4 8. Qc2 O-O 9. Rd1 Ne7 10. Be2 Bxc3+ 11. bxc3 c5 12. O-O Qc7 13. Qb1 b6 14. h3 Bh5 15. g4 Bg6 16. Bd3 Rfd8 17. Ne5 Qb7 18. f3 Rac8 19. Qb2 cxd4 20. cxd4 Nd7 21. Nxg6 hxg6 22. Kf2 Nb8 23. h4 Nbc6 24. h5 Qc7 25. Rh1 gxh5 26. gxh5 Qd6 27. Bb1 e5 28. dxe5 Qxe5 29. Qxe5 Nxe5 30. Rdg1 Kf8 31. h6 gxh6 32. Rxh6 N7g6 33. f4 Nd3+ 34. Kg3 Rc6 35. Rd1 Rcd6 36. a3 a6 37. e5 Rd5 38. Rdh1 Ke7 39. f5 Ngxe5 40. Bg5+ Kd7 41. Bxd8 Kxd8 42. Rxb6 Nc5 43. Rc1 Ned7 44. Rc6 Nb3 45. Rh1 Nbc5 46. Rh8+ Ke7 47. Rhc8 f6 48. Bc2 Re5 49. Kf4 Rd5 50. Ke3 Kf7 51. R8c7 Ke8 52. a4 Ke7 53. a5 Ke8 54. Bb1 Ke7 55. Ba2 Rxf5 56. Bc4 Kd8 57. Rc8+ Ke7 58. Rh8 Nf8 59. Kd4 Nce6+ 60. Kc3 Rc5 61. Rxc5 Nxc5 62. Kb4 Nfd7 63. Ra8 1-0

[Event "Simultan"]
[Site "Mainz (Germany)"]
[Date "2007.08.13"]
[Round "?"]
[White "Ivanchuk Vassily (UKR)"]
[Black "Graebner Laurent (GER)"]
[Result "1-0"]
[WhiteElo "2762"]
[BlackElo "2085"]
[PlyCount "57"]
[EventDate "2007.??.??"]
[Source "www.chesslib.no"]
[SourceDate "2004.05.04"]

1. d4 d5 2. c4 Nc6 3. Nc3 dxc4 4. Nf3 Bg4 5. d5 Bxf3 6. exf3 Ne5 7. Bf4 Ng6 8. Bxc4 Nf6 9. Be3 c6 10. Qa4 Qc7 11. Rc1 Nd7 12. Qb3 Nge5 13. Be2 c5 14. O-O b6 15. f4 Ng6 16. g3 h5 17. Bf3 Rc8 18. Nb5 Qb8 19. Qa4 a5 20. h4 e5 21. dxe6 fxe6 22. Rfd1 Rd8 23. Bc6 Qc8 24. Na7 Qc7 25. Rxd7 Rxd7 26. Rd1 Bd6 27. Bxd7+ Ke7 28. Nc8+ Kf7 29. f5 1-0